Jeeves gives notics (Record no. 5106)

MARC details
000 -LEADER
fixed length control field 00533nam a2200157Ia 4500
008 - FIXED-LENGTH DATA ELEMENTS--GENERAL INFORMATION
fixed length control field 210324s9999||||xx |||||||||||||| ||und||
040 ## - CATALOGING SOURCE
Transcribing agency STCPL
082 ## - DEWEY DECIMAL CLASSIFICATION NUMBER
Classification number 823
Item number WOD-J
100 ## - MAIN ENTRY--PERSONAL NAME
Personal name Smith John E
245 #0 - TITLE STATEMENT
Title Jeeves gives notics
260 ## - PUBLICATION, DISTRIBUTION, ETC.
Place of publication, distribution, etc. Dehra Dun
Name of publisher, distributor, etc. Herbert Jenkins L
Date of publication, distribution, etc. 1956
300 ## - PHYSICAL DESCRIPTION
Extent 192 P, 22 CM
650 ## - SUBJECT ADDED ENTRY--TOPICAL TERM
Topical term or geographic name entry element English FictionSOME PROPERTIES OF THE TRIANGLE, SOME PROPERTIES OF CIRCLES, SGNS OF LINES, AREAS, ANGLES, PROJECTION, CROSS RATIOS, PERSPECTIVE, INVOLUATION, THE CONIC SECTION
942 ## - ADDED ENTRY ELEMENTS (KOHA)
Koha item type Books
041 ## - LANGUAGE CODE
Language code of original English
Holdings
Withdrawn status Lost status Damaged status Not for loan Home library Current library Shelving location Date acquired Cost, normal purchase price Total Checkouts Full call number Barcode Date last seen Price effective from Koha item type
        ST. THOMAS COLLEGE LIBRARY, PALAI ST. THOMAS COLLEGE LIBRARY, PALAI   2021-07-10 4.40   823 WOD-J 9039 2021-07-10 2021-07-10 Books
Rights reserved ©2021 ST. THOMAS COLLEGE LIBRARY
A joint venture of - St. Thomas College Library and
Department of Computer Science, St. Thomas Collge Palai